000 00902nam a2200253Ia 4500
003 OSt
005 20221005112322.0
006 a|||||r|||| 00| 0
007 ta
008 221004b |||||||| |||| 00| 0 pan d
020 _a8178560895 (hbk)
_c200
024 _a117117
037 _b660, 22/03/2012, H.K. Prakashan
_cTextual
040 _aCRL
_cCRL
_bpan
041 _2pan
_apan
082 _aO153:g, P6
100 _aਘੁੰਮਣ, ਬਿਕਰਮ ਸਿੰਘ
245 0 _aਪੰਜਾਬੀ ਸਾਹਿਤ ਧਾਰਾਵਾਂ
260 _aਅੰਮ੍ਰਿਤਸਰ
_bਵਾਰਿਸ ਾਹ ਖ਼ਾਉ੍ਵਡੇਨ ਭਾਰਤ
_c2006
300 _a180ਪੰ
_ccm.
650 _aਪੰਜਾਬੀ ਸਾਹਿਤ
942 _hO153:g, P6
_cTEXL
_2cc
999 _c1024535
_d1024535